| 000 | 00362nam a22001337a 4500 | ||
|---|---|---|---|
| 008 | 230605b xxu||||| |||| 00| 0 eng d | ||
| 082 |
_a328.052 _bJLS |
||
| 110 | _d2015 | ||
| 245 |
_aThe Journal of Legislative Studies _cTaylor & Francis |
||
| 260 |
_aUnited Kingdom _bTaylor & Francis _c2015 |
||
| 300 | _a293 p | ||
| 440 |
_x13572334 _n2 _pJune _v21 |
||
| 942 |
_2ddc _cBK |
||
| 999 |
_c400 _d400 |
||